The Holy Reich : Nazi conceptions of Christianity, 1919-1945

Analyzing the previously unexplored religious views of the Nazi elite, Richard Steigmann-Gall argues against the consensus that Nazism as a whole was either unrelated to Christianity or actively opposed to it. He demonstrates that many in the Nazi movement believed the contours of their ideology wer...

Volledige beschrijving

Bewaard in:
Bibliografische gegevens
Hoofdauteur: Steigmann-Gall, Richard
Formaat: Boek
Taal:Undetermined
Gepubliceerd in: New York Cambridge University Press 2003
Onderwerpen:
Tags: Voeg label toe
Geen labels, Wees de eerste die dit record labelt!
Thư viện lưu trữ: Trung tâm Học liệu Trường Đại học Cần Thơ
LEADER 01882nam a2200241Ia 4500
001 CTU_174259
008 210402s9999 xx 000 0 und d
020 |c 22.89 
082 |a 943.086 
082 |b S818 
100 |a Steigmann-Gall, Richard 
245 4 |a The Holy Reich : 
245 0 |b Nazi conceptions of Christianity, 1919-1945 
245 0 |c Richard Steigmann-Gall 
260 |a New York 
260 |b Cambridge University Press 
260 |c 2003 
520 |a Analyzing the previously unexplored religious views of the Nazi elite, Richard Steigmann-Gall argues against the consensus that Nazism as a whole was either unrelated to Christianity or actively opposed to it. He demonstrates that many in the Nazi movement believed the contours of their ideology were based on a Christian understanding of Germany's ills and their cure. A program usually regarded as secular in inspiration - the creation of a racialist 'peoples' community' embracing anti-Semitism, anti-liberalism and anti-marxism - was for these Nazis conceived in explicitly Christian terms. His examination centers on the concept of 'positive Christianity', a religion expounded by many in the party leadership. He also explores the struggle the 'positive Christians' waged with the party's paganists - those who rejected Christianity in toto as foreign and corrupting - and demonstrates that this was not just a conflict over religion, but over the very meaning of Nazi ideology itself. 
650 |a National socialism and religion,Christianity and antisemitism,Germany,Tôn giáo và chủ nghĩa Quốc xã,Chủ nghĩa bài Do thái và Người theo đạo Cơ-đốc,Nước Đức 
650 |x Politics and government,Chính quyền và chính trị 
650 |y 1933-1945,1933-1945 
904 |i Năm 
980 |a Trung tâm Học liệu Trường Đại học Cần Thơ